000 01382cam a2200349 i 4500
001 13426
003 Mx-PuUPA
005 20260515101802.0
008 140415s2015 mx a gr 000 0 spa d
020 _cEn trámite
040 _cMx-PuUPA
_aMx-PuUPA
_bspa
_dMx-PuUPA
_erda
041 0 _aspa
043 _2mx-mxbn
_bn-mx-mo
100 1 _aSiller Camacho, Juan Antonio,
_99419
_eautor
245 1 0 _aMonumentos históricos de Cuernavaca /
_cJuan Antonio Siller Camacho, Adalberto Ríos Szalay
250 _aPrimera edición
264 3 _aMéxico, D.F. :
_bPorrúaPrint,
_c2015
300 _a68 páginas :
_bilustraciones, fotografías (a color) ;
_c22 cm
336 _2rdacontent
_atexto
_btxt
337 _2rdamedia
_asin medio
_bn
338 _2rdacarrier
_avolumen
_bnc
490 0 _aColección Patrimonio Cuauhnáhuac
650 7 _2armarc
_aArte
_xArquitectura
_zMéxico
_zMorelos (Estado)
_vLibros ilustrados
650 7 _2armarc
_aMonumentos
_zMéxico
_zCuernavaca
_vObras ilustradas
650 7 _2armarc
_aArquitectura
_zMéxico
_zMorelos (Estado)
_vObras ilustradas
650 7 _2armarc
_aHistoria
_zMéxico
_zCuernavaca
700 1 _aRíos Szalay, Adalberto,
_eautor
_92782
942 _2ddc
_cLI
_h725.94097249
_iS58
999 _c13426
_d13426